The impact of convergence on organizational innovation (Record no. 90082)

000 -LEADER
fixed length control field 00452pab a2200181 454500
008 - FIXED-LENGTH DATA ELEMENTS--GENERAL INFORMATION
fixed length control field 180718b2010 xxu||||| |||| 00| 0 eng d
100 ## - MAIN ENTRY--PERSONAL NAME
Personal name Lee, Sang M.
245 ## - TITLE STATEMENT
Title The impact of convergence on organizational innovation
260 ## - PUBLICATION, DISTRIBUTION, ETC.
Date of publication, distribution, etc. 2010
300 ## - PHYSICAL DESCRIPTION
Extent p.218-225.
362 ## - DATES OF PUBLICATION AND/OR SEQUENTIAL DESIGNATION
Dates of publication and/or sequential designation Jul-Sep
650 ## - SUBJECT ADDED ENTRY--TOPICAL TERM
Topical term or geographic name entry element Organizations
700 ## - ADDED ENTRY--PERSONAL NAME
Personal name Trimi, Silvana
700 ## - ADDED ENTRY--PERSONAL NAME
Personal name Olson, David L.
773 ## - HOST ITEM ENTRY
Main entry heading Organizational Dynamics
908 ## - PUT COMMAND PARAMETER (RLIN)
Put command parameter N
909 ## -
-- 90082
Holdings
Withdrawn status Lost status Damaged status Not for loan Permanent Location Current Location Date acquired Serial Enumeration / chronology Barcode Date last seen Price effective from Koha item type
        Indian Institute of Public Administration Indian Institute of Public Administration 2018-07-19 Volume no: 39, Issue no: 3 AR90542 2018-07-19 2018-07-19 Articles

Powered by Koha